| 000 -LEADER |
| fixed length control field |
00639cam a2200229 a 4500 |
| 001 - CONTROL NUMBER |
| control field |
1092407 |
| 005 - DATE AND TIME OF LATEST TRANSACTION |
| control field |
20180314093734.0 |
| 008 - FIXED-LENGTH DATA ELEMENTS--GENERAL INFORMATION |
| fixed length control field |
920210s1991 kyua e 000 0 eng |
| 010 ## - LIBRARY OF CONGRESS CONTROL NUMBER |
| LC control number |
92115675 |
| Canceled/invalid LC control number |
92113600 |
| 020 ## - INTERNATIONAL STANDARD BOOK NUMBER |
| International Standard Book Number |
0891454640 : |
| Terms of availability |
$24.95 |
| 040 ## - CATALOGING SOURCE |
| Original cataloging agency |
DLC |
| Transcribing agency |
DLC |
| Modifying agency |
DLC |
| 041 ## - LANGUAGE CODE |
| Language code of text/sound track or separate title |
eng |
| 080 ## - UNIVERSAL DECIMAL CLASSIFICATION NUMBER |
| Universal Decimal Classification number |
748.290491075 EDW |
| 082 00 - DEWEY DECIMAL CLASSIFICATION NUMBER |
| Classification number |
748.290491075 EDW |
| Edition number |
20 |
| 100 1# - Rafti |
| Rafti |
44 |
| 101 ## - Shkurtesa |
| Shkurtesa |
ART |
| 245 14 - TITLE STATEMENT |
| Title |
The standard encyclopedia of carnival glass / |
| Statement of responsibility, etc |
Bill Edwards. |
| 740 0# - ADDED ENTRY--UNCONTROLLED RELATED/ANALYTICAL TITLE |
| Uncontrolled related/analytical title |
Carnival glass. |
| 906 ## - LOCAL DATA ELEMENT F, LDF (RLIN) |
| a |
7 |
| b |
cbc |
| c |
orignew |
| d |
2 |
| e |
ncip |
| f |
19 |
| g |
y-gencatlg |
| 942 ## - ADDED ENTRY ELEMENTS (KOHA) |
| Source of classification or shelving scheme |
|
| Item type |
Books |